Cargando...

N B S Concise English Malayalam Nighandu /

Detalles Bibliográficos
Autor Principal: N. B. S.
Formato: Printed Book
Idioma:Malayalam
Publicado: S.P.C.S. , 1971.
LEADER 00380nam a2200121Ia 4500
008 150624b xxu||||| |||| 00| | mal d
100 |a N. B. S. 
245 |c N. B. S.  |a N B S Concise English Malayalam Nighandu / 
260 |b S.P.C.S. ,  |c 1971. 
546 |a In Malayalam. 
942 |c BK 
999 |c 70920  |d 70920 
952 |0 1  |1 0  |4 0  |7 0  |9 70897  |a UL  |b UL  |c ST1  |d 1998-09-15  |l 0  |p 780  |r 2012-10-27  |w 2012-10-27  |y BK